Standortmarketing als Instrument der Unternehmensführung und die Wirkung von Großereignissen

Analýza úlohy podniku v lokálnom marketingu, najmä ako sa prispôsobuje lokálny marketing z pohľadu podniku a aké vznikajú výhody, nevýhody a tiež príležitosti a riziká (SWOT-analýza). Poukázanie na to, ako môže byť lokálny marketing zapojený do riadenia spoločnosti.

Uložené v:
Podrobná bibliografia
Hlavný autor: Schulze, Susanne, 1981-
Médium: Kapitola
Jazyk:German
Predmet:
Tagy: Pridať tag
Žiadne tagy, Buďte prvý, kto otaguje tento záznam!

MARC

LEADER 00000naa$a2200000$$$4500
001 0250122
005 20240522125702.7
041 0 |a ger 
044 |a SK 
245 1 0 |a Standortmarketing als Instrument der Unternehmensführung und die Wirkung von Großereignissen  |c Susanne Schulze 
520 |a Analýza úlohy podniku v lokálnom marketingu, najmä ako sa prispôsobuje lokálny marketing z pohľadu podniku a aké vznikajú výhody, nevýhody a tiež príležitosti a riziká (SWOT-analýza). Poukázanie na to, ako môže byť lokálny marketing zapojený do riadenia spoločnosti. 
610 2 0 |a manažment 
610 2 0 |a marketing 
610 2 0 |a marketing manažment 
610 2 0 |a marketing regionálny 
610 2 0 |a riadenie podnikové 
610 2 0 |a nástroje marketingové 
610 2 0 |a nástroje riadenia 
100 1 |a Schulze, Susanne, 1981-